Thomas and Friends - Season 5 Episodes - Statistics

General Stats
  • This quiz has been taken 38 times
  • The average score is 16 of 26
Answer Stats
Episode # Episode Title % Correct
1 Cranky Bugs
88%
3 A Better View for Gordon
81%
2 Horrid Lorry
81%
25 Rusty and the Boulder
81%
7 Bye George!
75%
8 Baa!
69%
23 Busy Going Backwards
69%
12 Double Teething Troubles
69%
24 Duncan Gets Spooked
69%
5 James and the Trouble with Trees
69%
4 Lady Hatt's Birthday Party
69%
22 Make Someone Happy
69%
9 Put Upon Percy
63%
26 Snow
63%
15 Something in the Air
63%
13 Stepney Gets Lost
63%
10 Toby and the Flood
63%
6 Gordon and the Gremlin
56%
11 Haunted Henry
56%
16 Thomas, Percy and Old Slow Coach
56%
19 Happy Ever After
50%
18 Oliver's Find
50%
20 Sir Topham Hatt's Holiday
50%
17 Thomas and the Rumours
50%
14 Toby's Discovery
50%
21 A Surprise for Percy
25%
No matching quizzes found
Score Distribution
Percent of People with Each Score
Percentile by Number Answered
Your Score History
You have not taken this quiz